Agricultura, medio ambiente y sociedad en la Unión Europea y Japón /
Guardado en:
| Hovedforfatter: | |
|---|---|
| Format: | Ukendt |
| Sprog: | Spanish |
| Udgivet: |
México :
Universidad Autónoma de Tamaulipas ; Plaza y Valdés, S.A. de C.V.
|
| Tags: |
Tilføj Tag
Ingen Tags, Vær først til at tagge denne postø!
|
MARC
| LEADER | 00000 a2200000 04500 | ||
|---|---|---|---|
| 001 | 46919 | ||
| 003 | |||
| 008 | 050628s2006 mx spa d | ||
| 040 | |||
| 020 | |a 970-722-522-X | ||
| 090 | |a 1004 I98a | ||
| 100 | |a Izcara Palacios, Simón-Pedro | ||
| 245 | |a Agricultura, medio ambiente y sociedad en la Unión Europea y Japón / |c Simón-Pedro Izcara Palacios | ||
| 260 | |a México : |b Universidad Autónoma de Tamaulipas ; Plaza y Valdés, S.A. de C.V. | ||
| 300 | |a 275 páginas : |b tablas | ||
| 999 | |c 1666 |d 1666 | ||



